William Faulkner

Збережено в:
Бібліографічні деталі
Автор: Campbell, Harry M. y Foster, Ruel E.
Формат: Книга
Мова:Undetermined
Опубліковано: Buenos Aires, Argentina Editorial Schapire 1954
Предмети:
Теги: Додати тег
Немає тегів, Будьте першим, хто поставить тег для цього запису!

MARC

LEADER 00000nam a2200000Ia 4500
008 170316s9999 xx 000 0 und d
999 |c 5522  |d 5522 
040 |a cru BVZT 
090 |a 810 C-3w 
100 |a Campbell, Harry M. y Foster, Ruel E. 
245 |a William Faulkner  |c / Harry M. Campbell y Ruel E. Foster 
260 |a Buenos Aires, Argentina  |b Editorial Schapire  |c 1954 
300 |a 227 páginas 
650 |a LITERATURA ESTADOUNIDENSE  |9 25 
942 |c 15 D  |h 810 C-3w  |2 z